01263nam a2200313 i 4500003000900000005001700009008004100026020001500067020001800082040004300100082002100143100004000164245017200204264006400376300005600440336002600496337002800522338002700550490004900577504005200626650003100678650002800709651001000737653002100747655001700768942001200785999001700797952013500814EG-ScBUE20241218091255.0150611s1987 enkadk f b f001 0 eng d a0521349753 a9780521349758 aEG-ScBUEbengerdacEG-ScBUEdEG-ScBUE04a523.112bSAS2221 aSaslaw, William C.,eauthor.93817910aGravitational physics of stellar and galactic systems /cWilliam C. Saslaw, University of Cambridge, University of Virginia, National Radio Astronomy Observatory, USA. aCambridge ;aNew York :bCambridge University Press,c1987. axvii, 491 pages : bcharts, forms, tables ;c24 cm. 2rdacontentatextbtxt 2rdamediaaunmediatedbn 2rdacarrieravolumebnc0 aCambridge monographs on mathematical physics aIncludes bibliographical references and index.  7aGravitation.9244442BUEsh 7aGalaxies.2BUEsh937592 2BUEsh bENGGENcJune2015 vReading book 2ddccBB c19611d19583 00102ddc40708BaccahaMAINbMAINc1STd2015-06-11epurchaseg580.00l0o523.112 SASp000038758r2025-07-15 00:00:00v725.00yBB